000 00952cam a22002897a 4500
003 CHAP
005 20220817041745.0
008 971013s1985 r 00010 d
010 _a23504
011 _a24476
035 _a28575
040 _cCHAP
090 _aFolleto 9445
100 0 0 _aChesley, Merritt.
_922176
245 1 4 _aThe demand for livestock feed in Thailand
260 _aIthaca, N.Y. :
_bCornell University. Department of Agricultural Economic,
_c1985
300 _a96 p.
_b; gráfs
490 0 _aCornell/International agricultural economics study
590 _aBATCH-UPD
_b10
_c20130110
_lUCH01
_h2019
590 _aBATCH-UPD
_b10
_c20130410
_lUCH01
_h1337
590 _aCONVERSION
_b10
_c20130109
_lUCH01
_h1314
650 1 4 _aAlimentos y alimentacion del ganado.
_94326
830 0 _aCornell/ International agricultural economics study
901 _aBK
942 _cFOLL
949 _aFolleto 9445
_bBC
_cFOLL
_d-65854
_eTS1
_i28575
_si
999 _c23504
_d23504